Thiết kế mẫu nhà lớp học trường tiểu học; T1
Uloženo v:
| Hlavní autor: | |
|---|---|
| Médium: | Kniha |
| Jazyk: | Undetermined |
| Vydáno: |
Hà Nội
Xây dựng
2003
|
| Témata: | |
| Tagy: |
Přidat tag
Žádné tagy, Buďte první, kdo otaguje tento záznam!
|
| Thư viện lưu trữ: | Trung tâm Học liệu Trường Đại học Cần Thơ |
|---|
| LEADER | 00553nam a2200193Ia 4500 | ||
|---|---|---|---|
| 001 | CTU_62448 | ||
| 008 | 210402s9999 xx 000 0 und d | ||
| 020 | |b 71000 | ||
| 082 | |a 693.1 | ||
| 082 | |b B450/T1 | ||
| 100 | |a Bộ Xây Dựng | ||
| 245 | 0 | |a Thiết kế mẫu nhà lớp học trường tiểu học; T1 | |
| 260 | |a Hà Nội | ||
| 260 | |b Xây dựng | ||
| 260 | |c 2003 | ||
| 650 | |a universities and colleges | ||
| 650 | |x buildings | ||
| 904 | |i minh | ||
| 980 | |a Trung tâm Học liệu Trường Đại học Cần Thơ | ||